|
|
|
|
| LEADER |
00590nam a22001577a 4500 |
| 082 |
|
|
|a 824
|b CUD/L N5
|
| 100 |
|
|
|a J A Cuddon
|9 301214
|
| 245 |
|
|
|a Literary Terms And Literary Theory
|
| 250 |
|
|
|a 1st
|
| 260 |
|
|
|a England;
|b Penguin;
|c 1995
|
| 300 |
|
|
|a 990p.
|
| 650 |
|
|
|a ഇംഗ്ലീഷ് ;നിഘണ്ടു
|9 301215
|
| 650 |
|
|
|a English Literary Criticism; English Literature
|9 301216
|
| 942 |
|
|
|c BK
|
| 999 |
|
|
|c 56501
|d 56501
|
| 952 |
|
|
|0 0
|1 0
|4 0
|6 824_000000000000000_CUD_L_N5
|7 0
|8 English
|9 67566
|a MAL
|b MAL
|d 2016-07-18
|e 47426
|g 814.45
|l 0
|o 824 CUD/L N5
|p MAL047426
|r 2016-07-18
|t 1
|w 2016-07-18
|y BK
|